Mother and child (Record no. 38415)

MARC details
000 -LEADER
fixed length control field 00803cam a22002291 4500
001 - CONTROL NUMBER
control field med47001808
003 - CONTROL NUMBER IDENTIFIER
control field DLC
005 - DATE AND TIME OF LATEST TRANSACTION
control field 20260227111603.0
008 - FIXED-LENGTH DATA ELEMENTS--GENERAL INFORMATION
fixed length control field 811121s1947 xx 000 0 eng
010 ## - LIBRARY OF CONGRESS CONTROL NUMBER
LC control number med47001808
035 ## - SYSTEM CONTROL NUMBER
System control number (OCoLC)14658146
040 ## - CATALOGING SOURCE
Original cataloging agency DLC
Transcribing agency DNLM
Modifying agency DLC
042 ## - AUTHENTICATION CODE
Authentication code premarc
050 00 - LIBRARY OF CONGRESS CALL NUMBER
Classification number RJ61
Item number .S636 1947
060 0# - NATIONAL LIBRARY OF MEDICINE CALL NUMBER
Classification number WS 113
Item number S646m 1947
100 1# - MAIN ENTRY--PERSONAL NAME
Personal name Smith, Esther L.,
Dates associated with a name 1895-
245 10 - TITLE STATEMENT
Title Mother and child
Remainder of title The official Hay system book on the pre-natal care of the mother, and the care, feeding and training of children.
260 ## - PUBLICATION, DISTRIBUTION, ETC.
Place of publication, distribution, etc. Mount Pocono, Pa.,
Name of publisher, distributor, etc. Hay system publications
Date of publication, distribution, etc. [c1947]
300 ## - PHYSICAL DESCRIPTION
Extent 224 p.
500 ## - GENERAL NOTE
General note A new edition of The Hay system of child development, by William H. Hay and Esther L. Smith.
700 1# - ADDED ENTRY--PERSONAL NAME
Personal name Hay, William Howard,
Dates associated with a name 1866-1940.

No items available.

Powered by Koha